000 00764nam a2200217Ii 4500
003 JO-AjNU
008 230605s9999||||xx |||||||||||||| ||und||
017 _a2009/9/4235
040 _aJO-AjNU
_bara
_erda
_cJO-AjNU
041 _aara
050 1 4 _aLB2805.Q226 2010
100 3 _aالقداح،محمد إبراهيم,
_eauthor
_931410
245 0 0 _aالبحث الإجرائي في تطوير المؤسسات التربوية
250 _aط1
264 3 1 _aالسلط:المؤلف،2010
300 _a272ص
_bملحق:ص(263-272)
336 _atext
_btxt
_2rdacontent
337 _aunmediated
_bn
_2rdamedia
338 _avolume
_bnc
_2rdacarrier
650 4 _aالمؤسسات التربوية-تطوير. البحث الاجرائي-أهداف
_931411
999 _aA12561
_c16129
_d16129